Устройство для фиксации перехода периодического сигнала через нуль

Dades bibliogràfiques
Autor principal: Багинский Б. А. Борис Антонович
Autor corporatiu: Томский политехнический институт (ТПИ)
Altres autors: Отрубянников Ю. А., Ярославцев Е. В. Евгений Витальевич
Sumari:опубл. 01.01.73
Целью изобретения является увеличение мощности выходных импульсов, при малой длительности фронта.
Idioma:rus
Publicat:
Matèries:
Accés en línia:http://www1.fips.ru/fips_servl/fips_servlet?DB=RUPAT&rn=4843&DocNumber=400986&TypeFile=html
Format: MixedMaterials Electrònic Llibre
KOHA link:https://koha.lib.tpu.ru/cgi-bin/koha/opac-detail.pl?biblionumber=640015

MARC

LEADER 00000nlm0a2200000 4500
001 640015
005 20240117113253.0
029 1 0 |a RU  |b 400986  |c А. с.  |d МПК H 03 K 5/153 
035 |a (RuTPU)RU\TPU\network\4545 
035 |a RU\TPU\network\4543 
039 0 |a RU  |b 1657394  |c 19710518 
090 |a 640015 
100 |a 20150407j19730101k y0rusy50 ca 
101 0 |a rus 
102 |a RU 
105 |a a k 000zy 
135 |a drcn ---uucaa 
181 0 |a i  
182 0 |a b 
200 1 |a Устройство для фиксации перехода периодического сигнала через нуль  |f Б. А. Багинский, Ю. А. Отрубянников, Е. В. Ярославцев  |g Томский политехнический институт (ТПИ) 
203 |a Текст  |c электронный 
300 |a опубл. 01.01.73 
330 |a Целью изобретения является увеличение мощности выходных импульсов, при малой длительности фронта. 
610 1 |a патенты 
610 1 |a труды учёных ТПУ 
610 1 |a электронный ресурс 
610 1 |a изобретения 
610 1 |a авторские свидетельства 
610 1 |a фиксация 
610 1 |a переход 
610 1 |a периодические сигналы 
610 1 |a входные сигналы 
610 1 |a импульсы 
610 1 |a выпрямители 
610 1 |a импульсы 
700 1 |a Багинский  |b Б. А.  |c российский ученый в области силовой электроники  |c профессор Томского политехнического университета  |f 1947-  |g Борис Антонович  |3 (RuTPU)RU\TPU\pers\21945  |9 9266 
701 1 |a Отрубянников  |b Ю. А. 
701 1 |a Ярославцев  |b Е. В.  |c специалист в области электроники  |c доцент Томского политехнического университета, кандидат технических наук  |f 1949-  |g Евгений Витальевич  |3 (RuTPU)RU\TPU\pers\25912  |9 11763 
712 0 2 |a Томский политехнический институт (ТПИ)  |c (1944-1991)  |3 (RuTPU)RU\TPU\col\1123 
801 1 |a RU  |b 63413507  |c 20120201 
801 2 |a RU  |b 63413507  |c 20160607  |g RCR 
856 4 |u http://www1.fips.ru/fips_servl/fips_servlet?DB=RUPAT&rn=4843&DocNumber=400986&TypeFile=html 
942 |c CF